La intervención apreciativa : (Registro nro. 59126)
[ vista simple ]
| 000 -LEADER | |
|---|---|
| campo de control de longitud fija | 03609nam a2200421 i 4500 |
| 001 - NÚMERO DE CONTROL | |
| campo de control | 59126 |
| 003 - IDENTIFICADOR DE NÚMERO DE CONTROL | |
| campo de control | FINmELB |
| 005 - FECHA Y HORA DE LA ÚLTIMA TRANSACCIÓN | |
| campo de control | 20241216233052.0 |
| 006 - CÓDIGOS DE INFORMACIÓN DE LONGITUD FIJA--CARACTERÍSTICAS DEL MATERIAL ADICIONAL | |
| campo de control de longitud fija | m o u |
| 007 - CAMPO FIJO DE DESCRIPCIÓN FÍSICA--INFORMACIÓN GENERAL | |
| campo de control de longitud fija | cr cn||||||||| |
| 008 - DATOS DE LONGITUD FIJA--INFORMACIÓN GENERAL | |
| campo de control de longitud fija | 220303s2020 ck a ob 000 0 spa d |
| 020 ## - NÚMERO INTERNACIONAL ESTÁNDAR DEL LIBRO | |
| Número Internacional Estándar del Libro | 978-958-789-216-1 |
| Información calificativa | (e-book) |
| 035 ## - NÚMERO DE CONTROL DEL SISTEMA | |
| Número de control de sistema | (OCoLC)1304901175 |
| 040 ## - FUENTE DE CATALOGACIÓN | |
| Centro catalogador/agencia de origen | FINmELB |
| Lengua de catalogación | spa |
| Normas de descripción | rda |
| Centro/agencia transcriptor | FINmELB |
| 050 #4 - SIGNATURA TOPOGRÁFICA DE LA BIBLIOTECA DEL CONGRESO | |
| Número de clasificación | HD58.8 |
| Número de ítem | V376 2020 |
| 082 04 - NÚMERO DE LA CLASIFICACIÓN DECIMAL DEWEY | |
| Número de clasificación | 658.406 |
| Información de edición | 23 |
| 100 1# - ENTRADA PRINCIPAL--NOMBRE DE PERSONA | |
| Nombre de persona | Varona Madrid, Federico, |
| Término indicativo de función/relación | autor. |
| 245 13 - MENCIÓN DEL TÍTULO | |
| Título | La intervención apreciativa : |
| Resto del título | un nuevo paradigma para el cambio positivo en las organizaciones para profesores, estudiantes universitarios, consultores y gerentes / |
| Mención de responsabilidad, etc. | Federico Varona Madrid. |
| 250 ## - MENCION DE EDICION | |
| Mención de edición | Segunda edición. |
| 264 #1 - PRODUCCIÓN, PUBLICACIÓN, DISTRIBUCIÓN, FABRICACIÓN Y COPYRIGHT | |
| Producción, publicación, distribución, fabricación y copyright | Barranquilla, Colombia : |
| Nombre del de productor, editor, distribuidor, fabricante | Editorial Universidad del Norte, |
| Fecha de producción, publicación, distribución, fabricación o copyright | 2020. |
| 300 ## - DESCRIPCIÓN FÍSICA | |
| Extensión | 1 recurso en línea (X, 258 páginas) : |
| Otras características físicas | diagrámas, cuadros |
| 336 ## - TIPO DE CONTENIDO | |
| Término de tipo de contenido | texto |
| Código de tipo de contenido | txt |
| Fuente | rdacontent/spa |
| 337 ## - TIPO DE MEDIO | |
| Nombre/término del tipo de medio | computadora |
| Código del tipo de medio | c |
| Fuente | rdamedia/spa |
| 338 ## - TIPO DE SOPORTE | |
| Nombre/término del tipo de soporte | recurso en línea |
| Código del tipo de soporte | cr |
| Fuente | rdacarrier/spa |
| 504 ## - NOTA DE BIBLIOGRAFÍA, ETC. | |
| Nota de bibliografía, etc. Nota | Incluye referencias bibliográficas (páginas 249-258). |
| 505 0# - NOTA DE CONTENIDO CON FORMATO | |
| Nota de contenido con formato | Página legal -- Contenido -- Nota a la segunda edición -- Introducción -- Primera parte. Bases teóricas y empíricas -- Capítulo 1: ¿Qué es la Intervención Apreciativa? -- Capítulo 2: Bases teóricas de la Intervención Apreciativa -- Capítulo 3: Bases empíricas de la Intervención Apreciativa -- Capítulo 4: El poder de la pregunta, del pensamiento y del lenguaje positivos -- Segunda parte. Metodotología: Las fases -- Capítulo 5: Proceso de iniciación y seguimiento de la Intervención Apreciativa: modalidades y objetivos -- Capítulo 6: Primera fase: DEFINIR -- Capítulo 7: Segunda fase: DESCUBRIR -- Capítulo 8: Tercera fase: SOÑAR -- Capítulo 9: Cuarta fase: DISEÑAR -- Capítulo 10: Quinta fase: VIVIR -- Tercera parte. Componentes del éxito -- Capítulo 11: Componentes para el éxito de la Intervención Apreciativa -- Capítulo 12: El facilitador de la Intervención Apreciativa -- Capítulo 13: La organización apreciativa -- Capítulo 14: El líder y el empleado apreciativos -- Cuarta parte. Materiales y ejemplos -- Capítulo 15: Cómo preparar y presentar un reporte de la Intervención Apreciativa -- Capítulo 16: Materiales y ejemplos -- Capítulo 17: Diferencias entre la Intervención Apreciativa y el modelo tradicional de cambio organizacional -- Conclusión -- Referencias. |
| 520 ## - RESUMEN, ETC. | |
| Sumario, etc. | Esta obra, primera en su género que se publica en español sobre el tema de la Intervención Apreciativa, está dirigida a una variedad de públicos pero especialmente a directores y gerentes de empresas y organizaciones, directores de comunicación interna y de recursos humanos, profesores y estudiantes de comunicación empresarial u organizacional y de sociología de las organizaciones, y lectores en general. Su propósito es ofrecer una manera nueva de transformar a nuestras organizaciones de tal modo que sean capaces de responder a las exigencias. |
| 588 ## - NOTA DE FUENTE DE LA DESCRIPCIÓN | |
| Nota de fuente de la descripción | Descripción basada en metadatos suministrados por el editor y otras fuentes. |
| 590 ## - NOTA LOCAL (RLIN) | |
| Nota local | Recurso electrónico. Santa Fe, Arg.: elibro, 2022. Disponible vía World Wide Web. El acceso puede estar limitado para las bibliotecas afiliadas a elibro. |
| 650 #0 - PUNTO DE ACCESO ADICIONAL DE MATERIA--TÉRMINO DE MATERIA | |
| Término de materia o nombre geográfico como elemento de entrada | Organizational change. |
| 650 #4 - PUNTO DE ACCESO ADICIONAL DE MATERIA--TÉRMINO DE MATERIA | |
| Término de materia o nombre geográfico como elemento de entrada | Intervención apreciativa. |
| 650 #4 - PUNTO DE ACCESO ADICIONAL DE MATERIA--TÉRMINO DE MATERIA | |
| Término de materia o nombre geográfico como elemento de entrada | Cambio organizacional. |
| 650 #4 - PUNTO DE ACCESO ADICIONAL DE MATERIA--TÉRMINO DE MATERIA | |
| Término de materia o nombre geográfico como elemento de entrada | Conducta organizacional. |
| 650 #0 - PUNTO DE ACCESO ADICIONAL DE MATERIA--TÉRMINO DE MATERIA | |
| Término de materia o nombre geográfico como elemento de entrada | Organizational effectiveness. |
| 655 #4 - TERMINO DE INDIZACIÓN--GENERO/FORMA | |
| Datos o término principal de género/forma | Libros electrónicos. |
| 797 2# - PUNTO DE ACCESO ADICIONAL LOCAL--NOMBRE DE ENTIDAD CORPORATIVA (RLIN) | |
| Nombre de entidad corporativa o nombre de jurisdicción como elemento de entrada | elibro, Corp. |
| 856 40 - LOCALIZACIÓN Y ACCESO ELECTRÓNICOS | |
| Identificador Uniforme de Recurso | <a href="https://elibro.net/ereader/politecnicointernacional/171631">https://elibro.net/ereader/politecnicointernacional/171631</a> |
No hay ítems disponibles.